000
002410000a22000970004500
100
1
_a
Añorga, Martín N.
245
1
0
_a
La biblia en la reforma
300
_a
Vol. 2, Núm 12 (1990), Páginas 28
773
0
_t
Impacto Presbiteriano
942
_c
ANA
999
_c
50953
_d
50953